| 000 | 004600000a22001930004500 | ||
|---|---|---|---|
| 001 | 25 | ||
| 003 | CO-MdFUSB | ||
| 005 | 20170607103236.0 | ||
| 008 | 170607b xxu||||| |||| 00| 0 eng d | ||
| 020 | _a958-04-1426-2 | ||
| 040 | _cCO-MdBIC | ||
| 082 | 0 | 4 | _a863C B862dd |
| 100 | 1 | _aKasza, Keiko | |
| 245 | 1 | 0 | _aEl dia de campo de don Chancho / Keiko Kasza |
| 260 | _aBogotá : Norma | ||
| 300 | _a[ 32 P.] | ||
| 650 | 1 | 4 | _aLiteratura infantil |
| 942 | _cLGB | ||
| 999 |
_c47285 _d47285 |
||